000 00305nam a22001337a 4500
008 180918b xxu||||| |||| 00| 0 eng d
020 _a9781455710393
041 _aeng
080 _a610.73
100 _a2
101 _aINF
245 _aNursing Clinics Of North America
_cKrau.S.D
942 _2udc
_cBK
999 _c47940
_d47940